000 00507nam a22001577a 4500
003 0
005 20230619084531.0
008 230619b xxu||||| |||| 00| 0 eng d
020 _a978-971-630-153-3
245 _aSi Odysseus at ang cyclops
_cManuel, Peggy
260 _aMakati City
_bTahanan Books for Young Readers
_cC2007
300 _a32pp.
_bcol. ill.
_c23cm.
500 _aOdysseus(Greek mythology)-Juvenile literature.
500 _aCyclops(Greek mythology)-Juvenile literature.
942 _2ddc
_cBK
999 _c364998
_d364998